000 00583nam a2200193Ia 4500
003 GCL
008 140319s9999 xx 000 0 eng d
040 _aGCL /
_cGCL
082 0 4 _a658.18
_bP W
100 1 _aPUNNETT, BETTY JANE
245 1 0 _aEXPERIENCING INTERNATIONAL BUSINESS AND MANAGEMENT, 2nd ed /
_cPUNNETT, BETTY JANE
260 _a[S.N] :
_bWADSWORTH PUBLISHING COMPANY ،
_c1994
300 _a321 P
650 0 4 _aمكافحة المشروبات الروحية
650 0 4 _aMANAGEMENT
650 0 4 _aINTERNATIONAL BUSINESS
650 0 4 _aENTERPRISES
942 _2ddc
_cBK
999 _c18352
_d18352